000 00304nam a22001337a 4500
008 210302b ||||| |||| 00| 0 eng d
020 _a9781573227513
041 _aeng
080 _a82
100 _a21
101 _aGJL
245 _aShakespeare : The Invention of the Human
_cTNETB
942 _2udc
_cBK
999 _c55448
_d55448